Trombinoscope - Jeux de société - Statistiques

Statistiques générales
  • Ce quiz a été pris 1 064 fois
  • Le résultat moyen est 43 sur 100
Statistiques - réponses
Hint Réponse % Correct
Mikado
81%
Puissance 4
81%
Échecs
81%
Dominos
80%
Croc le crocodile
80%
Qui est-ce ?
79%
Monopoly
79%
Tic Tac Boum
78%
Docteur Maboul - Moi, Moche Et Méchant
78%
Scrabble
78%
La Bataille Navale
77%
Loups-Garous de Thiercelieux
77%
SOS Ouistiti
76%
Triominos
75%
Dames
75%
Hippo Gloutons
74%
Twister
74%
Uno
73%
Cuistot Dingo
72%
Les petits chevaux
71%
Pic'Pirate Gold Tomy
71%
Mille Bornes
70%
Skyjo
70%
Dobble
69%
Trivial Pursuit
69%
Tenta Poulpe
69%
Tarot
69%
Réveille pas papa
68%
Labyrinthe
67%
Mastermind
67%
Jeu de l'oie
65%
Elefun
63%
Tourn'Main
62%
Devine Tête
60%
Jungle Speed
58%
Croque-carotte
56%
Ni oui ni non
54%
Yam
53%
Pictionary
53%
Cata Castors !
52%
Cluedo
50%
Codenames
50%
Mah-jong
50%
Le Lynx
49%
6 qui prend !
48%
Les Aventuriers du Rail
46%
Barbecue Party
46%
La Bonne Paye
39%
Miss Kipik
38%
Super Simon
37%
Blokus
36%
Abalone
35%
Risk
34%
Le loto des odeurs
33%
Concept
33%
Nain jaune
32%
À fond les bananes !
30%
Dames Chinoises
28%
Les Colons de Catane
28%
TTMC
28%
Azul
27%
Sushi Go!
26%
Rush Hour
26%
Wingspan
25%
Skull
25%
Othello
25%
Perudo
24%
Pandemic Legacy
24%
Carcassonne
24%
Saboteur
23%
Mirogolo
23%
7 Wonders
22%
Kluster
21%
Quarto
20%
Richesses du monde
20%
Mysterium
20%
Wazabi
19%
Love Letter
19%
Santorini
18%
Dix de chute
18%
Piratatak
18%
Hanabi
17%
Sea, Salt & Paper
16%
Stratego
14%
Terraforming Mars
14%
Splendor
14%
So Clover
13%
Zombies!!!
13%
L'ombre du Kraken
13%
Dixit
13%
Kingdomino
12%
Takenoko
12%
Isle of Skye
10%
King of Tokyo
8%
Jaipur
8%
Marrakech
8%
Puerto Rico
7%
Agricola
6%
Gloomhaven
5%
La Couronne d'Emara
4%
Aucun quiz correspondant
Distribution des résultats
% des personnes avec chaque résultat
Percentile par nombre de réponses
Votre historique - résultats
Vous n’avez pas pris ce quiz